Statistics for Districts of Uganda with a Map

Click here to take the quiz!

General Stats

  • This quiz has been taken 126 times
  • The average score is 24 of 135

Answers on the Map

Answers color-coded by a green-red scale on the quiz's map according to % correct below.
Loading ...
 

Answer Stats

District% Correct
Kampala
100%
Wakiso
31%
Jinja
28%
Kalangala
28%
Mpigi
28%
Lira
24%
Mukono
24%
Gulu
24%
Amuru
24%
Kibaale
24%
Lamwo
21%
Koboko
21%
Zombo
21%
Adjumani
21%
Kisoro
21%
Luweero
21%
Kanungu
21%
Kabale
21%
Kasese
21%
Masindi
21%
Maracha
21%
Masaka
21%
Mbale
21%
Moyo
21%
Nakasongola
21%
Nebbi
21%
Oyam
21%
Pader
21%
Rakai
21%
Rukungiri
21%
Soroti
21%
Tororo
21%
Yumbe
21%
Kaabong
21%
Kitgum
21%
Iganga
21%
Apac
21%
Buliisa
21%
Hoima
21%
Busia
21%
Arua
21%
Amuria
21%
Nakaseke
17%
Nakapiripirit
17%
Mubende
17%
Buhweju
17%
Buikwe
17%
Moroto
17%
Mitooma
17%
Mityana
17%
Namayingo
17%
Mbarara
17%
Mayuge
17%
Bukomansimbi
17%
Bukwa
17%
Bulambuli
17%
Manafwa
17%
Isingiro
17%
Lyantonde
17%
Bugiri
17%
Ngora
17%
Namutumba
17%
Rubirizi
17%
Agago
17%
Alebtong
17%
Amolatar
17%
Amudat
17%
Sironko
17%
Sheema
17%
Serere
17%
Sembabule
17%
Pallisa
17%
Napak
17%
Pakwach
17%
Budaka
17%
Otuke
17%
Omoro
17%
Nwoya
17%
Ntungamo
17%
Ntoroko
17%
Bududa
17%
Lwengo
17%
Madi-Okollo
17%
Abim
17%
Kole
17%
Kayunga
17%
Butambala
17%
Kiboga
17%
Kibuku
17%
Buvuma
17%
Kamwenge
17%
Kiruhura
17%
Kiryandongo
17%
Butaleja
17%
Kalungu
17%
Bushenyi
17%
Kotido
17%
Kumi
17%
Kaliro
17%
Kween
17%
Dokolo
17%
Kyankwanzi
17%
Kaberamaido
17%
Kabarole
17%
Gomba
17%
Ibanda
17%
Bundibugyo
17%
Katakwi
17%
Karenga
14%
Buyende
14%
Kamuli
14%
Kapelebyong
14%
Luuka
14%
Obongi
14%
Kyenjojo
14%
Kyegegwa
14%
Nabilatuk
14%
Bukedea
14%
Rwampara
10%
Bunyangabu
10%
Kyotera
10%
Kagadi
10%
Kakumiro
10%
Kwania
10%
Kitagwenda
10%
Kasanda
10%
Rukiga
10%
Bugweri
10%
Rubanda
10%
Kibuube
10%
Namisindwa
10%
Kapchorwa
10%
Lusot
10%
Butebo
10%
Kazo
10%

Score Distribution

Percentile by Number Answered

Percent of People with Each Score

Your Score History

You have not taken this quiz